[Event "III Duchamp Open 2019"]
[Site "Rio de Janeiro"]
[Date "2019.12.07"]
[Round "1.1"]
[White "Martinez Alcantara, Jose Eduardo"]
[Black "Hart, Alexander"]
[Result "1-0"]
[WhiteElo "2592"]
[BlackElo "1963"]
[Annotator "TA"]
[PlyCount "75"]
[EventDate "2019.12.07"]
[EventType "swiss"]
[EventCountry "BRA"]
[SourceTitle "playchess.com"]
[Source "ChessBase"]
[SourceQuality "1"]

{[%evp 14,75,39,21,18,6,21,21,29,16,39,31,52,44,48,43,53,47,56,30,42,20,41,29,41,41,68,36,33,0,66,63,59,52,74,80,83,75,87,77,71,93,241,231,243,236,357,357,384,391,406,405,501,421,502,479,469,494,487,477,741,695,1332,1322]} 1. Nf3 d5 2. c4 c6 3. g3 Nf6 4. Bg2 g6 5. b3 Bg7 6. Bb2 O-O 7. O-O Re8 8. Qc2 Bg4 {A11: English Opening: 1...c6} 9. d3 Bxf3 10. Bxf3 Nbd7 {The position is equal.} 11. Nd2 (11. e3 e6 12. Nd2 h5 13. Rac1 Ng4 14. d4 Nh6 15. b4 Nf6 16. a4 a6 17. b5 axb5 18. axb5 {0-1 (70) Ivanchuk,V (2771)-Karpov,A (2616) Cap d'Agde 2012}) 11... Rc8 12. Bg2 $146 ({Predecessor:} 12. Rac1 e6 13. d4 Qb6 14. e4 dxe4 15. Nxe4 Nxe4 16. Qxe4 e5 17. dxe5 Bxe5 18. Bxe5 Rxe5 {½-½ (109) Dimitrijevic,N (2302)-Gallevci,Y (1783) Novi Sad 2018}) 12... Qc7 13. Rac1 Qb8 14. b4 {[%cal Bb3b4,Bb4b5][%mdl 32]} e6 15. Qb3 h5 16. b5 Bf8 17. Nf3 Bg7 18. a4 Red8 19. Rc2 Bh6 20. Ba3 Bf8 21. Bb2 Bh6 22. Rb1 Bg7 23. Rbc1 Bh6 24. e3 Bg7 25. bxc6 bxc6 26. Qxb8 Rxb8 27. Nd4 Rb6 (27... Rdc8 $16 {keeps fighting.}) 28. a5 $18 Ra6 29. cxd5 cxd5 (29... Nxd5 {is a better defense.} 30. Nxc6 (30. Rxc6 Rxa5 31. Nb3 Bxb2 $14) 30... Rxc6) 30. Nc6 Rf8 31. Ba3 Ra8 32. d4 Nb8 33. Nxb8 {White is clearly winning.} Rxb8 34. Rc8+ Rxc8 35. Rxc8+ Kh7 36. Bb4 Ne4 (36... e5 $142 37. dxe5 Ng4 38. Bxd5 Nxe5) 37. Bf1 Bf8 38. Rxf8 {Accuracy: White = 55%, Black = 23%.} 1-0

[Event "III Duchamp Open 2019"]
[Site "Rio de Janeiro"]
[Date "2019.12.08"]
[Round "1.2"]
[White "Tamarozi, Isabelle"]
[Black "Supi, Luis Paulo"]
[Result "0-1"]
[WhiteElo "1963"]
[BlackElo "2578"]
[Annotator "TA"]
[PlyCount "124"]
[EventDate "2019.12.07"]
[EventType "swiss"]
[EventCountry "BRA"]
[SourceTitle "playchess.com"]
[Source "ChessBase"]
[SourceQuality "1"]

{[%evp 11,124,51,50,51,51,51,51,51,52,49,61,61,54,53,58,49,42,37,47,27,45,48,48,0,3,0,46,9,52,7,6,0,19,-2,-7,-7,-6,-8,-8,-20,0,0,21,0,2,0,0,0,30,7,20,20,29,2,18,0,11,2,5,2,10,-2,-2,-1,-3,-2,-2,-2,-1,-1,-1,-8,-1,-8,-1,-1,-8,-2,-4,-5,-6,-168,-109,-129,-127,-127,-127,-125,-110,-91,-11,-11,0,0,0,0,0,0,0,0,0,0,0,0,0,0,0,-5057,-5042,-4622,-4590,-1581,-1360,-1298,-1175]} 1. e4 c5 2. Nf3 e6 3. d4 cxd4 4. Nxd4 a6 5. c4 b6 6. Nc3 Bb7 7. Be2 {A34: Symmetrical English: 2 Nc3, lines with ...d5} Qc7 8. Be3 Nf6 9. f3 {White is slightly better.} Be7 10. Rc1 O-O 11. O-O d6 12. a3 Nbd7 13. b4 Rac8 14. Qd2 Qb8 15. Nb3 Bd8 {[#]} 16. Bf4 $146 ({Predecessor:} 16. Kh1 Bc7 17. Rfd1 Rfd8 18. g3 Ne5 {½-½ (33) Popov,I (2648)-Bocharov,D (2577) St Petersburg 2015}) 16... Ne5 17. Bxe5 dxe5 18. c5 h6 19. Na4 b5 (19... Bc6 $5 {[%cal Rc6a4]} 20. Nxb6 Bxb6 $11) 20. Nb6 Bxb6 $1 21. cxb6 Ba8 22. Nc5 Qxb6 23. Kh1 $1 Rfd8 24. Qb2 Bc6 25. Rfd1 Be8 26. Qxe5 a5 27. Rxd8 Rxd8 28. Qc3 axb4 29. axb4 Qc7 30. Nd3 Qa7 31. Qc7 Qa8 32. Ne5 Kh7 33. Bd3 Qa3 34. Qc3 Qxc3 35. Rxc3 Rd4 36. Kg1 Rxb4 37. Nxf7 Bxf7 38. e5+ Bg6 39. exf6 Bxd3 $11 {[%mdl 4096] Endgame KRB-KR} 40. f7 Rf4 $1 41. Rxd3 Rxf7 {KR-KR} 42. Rd6 Rb7 43. Rxe6 b4 {[%cal Bb5b4,Bb4b3][%mdl 32]} 44. Re2 Kg6 45. Kf2 Kf5 46. g4+ $2 {[#]} (46. Rb2 $11) 46... Kf6 (46... Kg5 $1 $19 47. Re6 h5 48. Re5+ Kf6) 47. f4 $17 b3 {Hoping for ...b2.} 48. Rb2 Ke6 49. Ke3 Kd5 {...Kc4 is the strong threat.} 50. Kd3 Rb4 (50... Rb6 $17) 51. g5 $1 $11 h5 52. f5 $1 Rh4 {[#] Threatens to win with ...Rh3+.} 53. Rxb3 Rh3+ 54. Kc2 Rxh2+ 55. Kd1 Rf2 56. f6 g6 57. Ke1 Rf4 58. Rb7 Ke6 59. Rg7 $2 {[%mdl 8192]} (59. Rb2 $11) 59... Kf5 $19 {Black is clearly winning.} 60. Re7 Kxg5 61. f7 Kh6 62. Ke2 Kg7 {Accuracy: White = 60%, Black = 56%.} 0-1

[Event "III Duchamp Open 2019"]
[Site "Rio de Janeiro"]
[Date "2019.12.08"]
[Round "1.3"]
[White "Cruz, Cristhian"]
[Black "Medeiros, Thauane Ferreira"]
[Result "1-0"]
[WhiteElo "2562"]
[BlackElo "1961"]
[Annotator "TA"]
[PlyCount "121"]
[EventDate "2019.12.07"]
[EventType "swiss"]
[EventCountry "BRA"]
[SourceTitle "playchess.com"]
[Source "ChessBase"]
[SourceQuality "1"]

{[%evp 16,121,9,0,21,16,20,16,25,11,45,48,70,51,129,56,69,43,33,29,20,18,17,0,8,1,2,0,3,0,27,0,42,45,53,51,92,46,50,54,101,36,39,0,168,164,164,158,164,165,192,188,227,205,209,169,203,193,218,208,206,208,200,183,189,183,180,111,186,174,240,218,320,282,291,291,292,148,147,153,186,186,186,186,291,277,270,249,300,300,5616,5219,5712,5581,5243,5218,2464,2097,7779,9774,5359,6256,6629,6661,6087,1252,5583,2521]} 1. c4 e6 2. Nf3 d5 3. e3 Nf6 4. d4 Be7 5. Bd3 O-O 6. O-O Nbd7 7. Nc3 b6 8. Qe2 Bb7 9. Rd1 Re8 {E14: Queen's Indian: Classical Variation (4 e3)} 10. b3 c5 11. cxd5 exd5 {The position is equal.} 12. Bb2 cxd4 $146 ({Predecessor:} 12... Bd6 13. Ba6 Qc8 14. Bxb7 Qxb7 15. Qd3 Rac8 16. dxc5 Nxc5 17. Qf5 Nce4 18. Nxe4 Nxe4 {0-1 (37) Lysyj,I (2668)-Kosyrev,V (2520) Cheliabinsk 2016}) 13. Nxd4 Bc5 {Hoping for ...Bxd4.} 14. Na4 Ne4 (14... Bf8 $14) 15. Nf5 (15. Nxc5 $16 Ndxc5 16. Bb5) 15... Bf8 $14 16. Bb5 (16. Bxe4 $5 Rxe4 17. Rac1 $14) 16... Re6 17. Rac1 Ndc5 18. Nxc5 bxc5 19. Ng3 (19. Bd3 {is more complex.} g6 20. Ng3 Nf6 21. Qd2 a5 22. Qc2) 19... Nxg3 20. hxg3 Qb6 21. Qf1 Rd8 22. Be2 Be7 23. Rc2 (23. Bg4 $5 {[%cal Rg4e6]}) 23... Bf6 24. Bg4 Ree8 25. Bxf6 Qxf6 26. Qb5 Qg6 {[%mdl 64] [#] Double Attack} 27. Rcd2 Ba6 28. Qa4 (28. Qa5 $16) 28... d4 $1 29. Bf3 {[%cal Re3d4]} (29. Bh3 $5 {[%cal Re3d4]}) 29... d3 $2 (29... Qb6 $11 {and Black has nothing to worry.}) 30. Bc6 $18 Re6 31. Qxa6 Rxc6 32. Qxa7 Rcc8 33. Qb7 {Strongly threatening Rxd3!} Qh5 34. Qf3 ({Resist} 34. Rxd3 $6 Qxd1+ 35. Rxd1 Rxd1+ 36. Kh2 Rdd8 $16) 34... Qg6 35. e4 c4 36. bxc4 Rxc4 37. Rxd3 $40 {[%cal Rd3d8][%mdl 128] White goes for the king.} Re8 38. e5 Rcc8 39. Rd6 Qc2 40. Qd5 Qf5 41. Rd7 (41. f4 $18) 41... h6 {[#]} (41... h5 $16) 42. g4 $1 {[%cal Rg4f5]} Qg6 (42... Qf4 $142 43. g3 Qxe5 44. Qxf7+ Kh7) 43. a4 h5 (43... Re6 $142 44. Re1 Rb8) 44. gxh5 Qxh5 45. Re1 Qf5 46. e6 ({Better is} 46. a5 $18) 46... Qxd5 $16 47. Rxd5 Rxe6 48. Rxe6 fxe6 {[%mdl 4096] Endgame KR-KR} 49. Rd1 Kf7 (49... Ra8 $142) 50. a5 {[%cal Ba4a5,Ba5a6,Ba6a7][%mdl 32]} Ra8 51. Ra1 Ke7 52. a6 Kd6 $2 (52... Ra7 53. f3 Kd8) 53. a7 $18 {White is clearly winning.} Ke5 54. Kh2 Kf4 55. Ra4+ Kf5 56. Kg3 Kg5 57. Ra5+ Kf6 58. Kf4 Ke7 59. Ke5 Kd7 60. Ra6 g5 61. g4 {Accuracy: White = 59%, Black = 37%.} (61. Ra4 $142 Kc6 62. Kxe6) 1-0

[Event "III Duchamp Open 2019"]
[Site "Rio de Janeiro"]
[Date "2019.12.07"]
[Round "1.4"]
[White "Ramos, Angelo Bil"]
[Black "Hernandez Guerrero, Gilberto"]
[Result "0-1"]
[WhiteElo "1957"]
[BlackElo "2554"]
[Annotator "TA"]
[PlyCount "68"]
[EventDate "2019.12.07"]
[EventType "swiss"]
[EventCountry "BRA"]
[SourceTitle "playchess.com"]
[Source "ChessBase"]
[SourceQuality "1"]

{[%evp 17,68,64,90,75,81,68,68,68,72,68,86,61,68,47,68,41,50,26,37,27,49,-21,-29,-29,-22,-29,-30,-27,-29,-54,-49,-57,-53,-56,-56,-58,-56,-81,-75,-97,-94,-152,-139,-147,-150,-303,-326,-329,-310,-317,-267,-264,-229]} 1. d4 Nf6 ({Predecessor:} 1... g6 2. e4 Bg7 3. c4 c5 4. d5 d6 5. Bd3 e6 6. Nf3 Nf6 7. O-O O-O 8. h3 Na6 9. Re1 e5 {½-½ (38) Gruenenwald,J (2332)-Vesin,J (2241) Switzerland 2008}) 2. c4 c5 3. d5 g6 4. Nc3 Bg7 5. e4 d6 6. Nf3 O-O 7. Bd3 Na6 8. h3 e6 9. O-O e5 10. Re1 $146 {E90: King's Indian: Classical: Early deviations and 6 h3} (10. a3 Kh8 11. Bg5 h6 12. Be3 Ng8 13. Nh2 h5 14. f4 Bh6 15. Qd2 Kg7 16. fxe5 dxe5 17. Nf3 Qe7 {0-1 (63) Tregubov,P (2588)-Morozevich,A (2659) Skolkovo 2019}) 10... Ne8 11. a3 f5 12. Rb1 {White is slightly better.} f4 13. b4 Rf7 14. Be2 h6 15. Bd2 Nf6 16. Qc2 g5 17. Nh2 Bf8 18. Qd1 Rh7 19. Bh5 (19. Ng4 $14) 19... Nxh5 $11 20. Qxh5 Bd7 21. b5 Be8 22. Qe2 Nb8 {[%cal Ba6b8,Bb8d7,Bd7f6][%mdl 32]} 23. Nd1 Nd7 24. f3 h5 25. Nf2 Nf6 26. Rb3 Bd7 27. a4 $1 Qe8 28. Reb1 Qg6 29. Kf1 (29. a5 $142) 29... Be7 $17 30. Ke1 {[#]} g4 $1 {[%mdl 512]} 31. Nf1 $2 (31. fxg4 $17 hxg4 32. Nhxg4) 31... gxh3 {Black has a decisive advantage.} 32. gxh3 Rg7 33. Kd1 Qg2 34. Be1 Nh7 {Accuracy: White = 33%, Black = 88%.} 0-1

[Event "III Duchamp Open 2019"]
[Site "Rio de Janeiro"]
[Date "2019.12.07"]
[Round "1.6"]
[White "Baeta, Marcio Netto"]
[Black "Lima, Darcy"]
[Result "0-1"]
[WhiteElo "1953"]
[BlackElo "2528"]
[Annotator "TA"]
[PlyCount "70"]
[EventDate "2019.12.07"]
[EventType "swiss"]
[EventCountry "BRA"]
[SourceTitle "playchess.com"]
[Source "ChessBase"]
[SourceQuality "1"]

{[%evp 9,70,14,18,-2,3,6,27,18,75,35,45,0,41,24,20,0,35,4,14,30,14,35,37,43,41,30,35,43,50,41,27,26,45,0,19,-7,23,0,29,27,33,21,31,27,24,-45,-43,-73,-73,-113,-105,-200,-176,-227,-230,-492,-490,-29985,-29986,-29984,-29985,-29988,-29988]} 1. e4 b6 2. c4 Bb7 3. Nc3 e6 4. d3 Nf6 5. e5 (5. g3 d5 6. exd5 exd5 7. Bg2 Be7 8. Nge2 O-O 9. O-O c6 10. Nd4 Re8 11. Nf5 Bf8 {0-1 (69) Timofeev,A (2589)-Mamedyarov,S (2817) St Petersburg 2018}) 5... Ng8 6. Nf3 {A10: English Opening: Unusual Replies for Black} d6 $146 ({Predecessor:} 6... Ne7 7. d4 d6 8. exd6 cxd6 9. d5 e5 10. Bd3 Nd7 11. Qa4 {1-0 (20) Morris,C (2207)-Cafferty,B (2208) Sunningdale 2007}) 7. d4 dxe5 8. Nxe5 {White has an edge.} Nf6 (8... Nd7 $11) 9. Bg5 Be7 10. Qa4+ c6 (10... Nfd7 {seems wilder.} 11. Bxe7 Qxe7 12. Be2 O-O 13. Bf3 Bxf3 14. Nxf3 c5) 11. O-O-O O-O 12. Be2 a6 13. c5 Nd5 14. Bxe7 Qxe7 15. Ne4 Rd8 16. cxb6 Nxb6 17. Qb3 Nd5 18. Nc5 Bc8 $1 19. h4 f6 20. Ned3 Nd7 21. Nxd7 Bxd7 22. Nc5 a5 {[%cal Ba6a5,Ba5a4][%mdl 32]} 23. Bc4 a4 24. Qa3 Qd6 25. g3 Be8 26. Rhe1 Bf7 27. Qf3 {[#]} ({White should play} 27. Rd2 $11) 27... a3 $1 $15 {[%mdl 512] ...axb2+ is the strong threat.} 28. bxa3 Rdb8 29. Rd3 e5 30. Ne4 {[#]} (30. Na6 $17 Rb6 31. dxe5 fxe5 32. Nb4 $1 {[%mdl 512]}) 30... Qc7 $1 $19 31. dxe5 (31. Red1 $142) 31... Qxe5 {[#] ( -> ...Qa1+)} 32. Rb3 $2 (32. Nxf6+ $1 {[%mdl 512]} Qxf6 (32... Nxf6 33. Bxf7+) 33. Qxf6 gxf6 34. Rb3) 32... f5 33. Bxd5 (33. Qe2 $19 Rxb3 34. Bxb3 fxe4 35. Qb2) 33... Qa1+ {[%mdl 64] Double Attack, Zwischenzug. Black mates.} ({Stronger than} 33... Bxd5 34. Rxb8+ Rxb8 35. Qc3 $11) 34. Kd2 Qxa2+ {[%mdl 64] Double Attack} 35. Kc1 Bxd5 {[%mdl 64] Pin. Accuracy: White = 25%, Black = 48%.} 0-1

[Event "III Duchamp Open 2019"]
[Site "Rio de Janeiro"]
[Date "2019.12.07"]
[Round "1.7"]
[White "Vazquez, Guillermo"]
[Black "Reichert, Thiago Da Cruz"]
[Result "1-0"]
[WhiteElo "2506"]
[BlackElo "1951"]
[Annotator "TA"]
[PlyCount "83"]
[EventDate "2019.12.07"]
[EventType "swiss"]
[EventCountry "BRA"]
[SourceTitle "playchess.com"]
[Source "ChessBase"]
[SourceQuality "1"]

{[%evp 21,83,23,35,30,37,29,39,40,54,39,56,20,56,10,84,68,75,75,120,122,118,77,83,63,97,93,147,145,157,155,195,191,190,185,185,168,167,170,178,23,11,3,16,-25,0,0,147,144,534,555,553,537,859,860,660,799,728,727,580,612,5025,5025,2045,1942]} 1. d4 Nf6 2. c4 e6 3. g3 d5 4. Bg2 Be7 5. Nf3 O-O 6. O-O c6 7. Qc2 Nbd7 8. Nbd2 {[%cal Bb1d2,Bd2e4,Be4c3][%mdl 32]} b6 9. e4 dxe4 10. Nxe4 Bb7 11. Rd1 Qc8 12. Nc3 {E09: Closed Catalan: Main Line: 7 Qc2 c6 8 Nbd2} (12. Nxf6+ Nxf6 13. c5 Nd5 14. Bg5 f6 15. Bd2 bxc5 16. dxc5 e5 17. b4 a5 18. bxa5 Bd8 19. Nh4 f5 20. Nf3 Bf6 {1-0 (62) Krasenkow,M (2645)-Azmaiparashvili,Z (2645) Groningen 1997}) 12... Rd8 13. Bf4 Nf8 14. Ne5 {White is slightly better.} Ng6 15. Nxg6 hxg6 16. Rd2 $146 ({Predecessor:} 16. Qe2 Bd6 17. Bg5 Re8 18. Qf3 Be7 19. Rd2 Nh7 20. Bxe7 Rxe7 {1-0 (67) Mikhailov,I (1949)-Toporkova,S (1578) St Petersburg 2010}) 16... Ne8 17. Qb3 Bf6 (17... g5 $11 18. Be3 g4) 18. Rad1 $16 g5 19. Be3 Nd6 20. c5 Nf5 21. cxb6 axb6 22. Qxb6 Ra6 23. Qb3 Qc7 ({Black should try} 23... Qa8) 24. Ne4 Rda8 25. a3 Nxe3 26. fxe3 Rb6 27. Qc3 Be7 28. d5 exd5 {[#]} 29. Rxd5 $1 {[%mdl 576] Black must now prevent Rd7. Pin} Bc8 (29... cxd5 30. Qxc7) 30. Rxg5 $2 (30. Nxg5 $18 Rxb2 31. Qxb2 cxd5 32. Bxd5 {[%mdl 64] Double Attack}) 30... Bxg5 $11 31. Nxg5 Bf5 32. Qd4 Rbb8 {[#] Hoping for ...Rd8.} 33. Rf1 $40 {[%mdl 128] White is up to no good.} Bg6 (33... Ra5 $1 $11 {keeps the balance.}) 34. Be4 $16 {aiming for Bxg6.} Qd8 $2 {[%mdl 8192]} (34... Ra5 $16 35. Bxg6 fxg6) 35. Bxg6 $18 {White is clearly winning.} Qxd4 36. Bxf7+ ({And not} 36. exd4 fxg6 37. Rf2 Rb3 $15) 36... Kh8 37. exd4 Rxb2 38. Rf4 {[%cal Rf4h4]} g6 39. Ne6 {[%cal Rf4h4]} g5 40. Rf6 {[%cal Rf6h6]} Kh7 41. Nxg5+ Kg7 42. Rg6+ {Accuracy: White = 60%, Black = 36%.} 1-0

[Event "III Duchamp Open 2019"]
[Site "Rio de Janeiro"]
[Date "2019.12.07"]
[Round "1.8"]
[White "De Albuquerque, Ian Telek C."]
[Black "Di Berardino, Diego Rafael"]
[Result "0-1"]
[WhiteElo "1943"]
[BlackElo "2489"]
[Annotator "TA"]
[PlyCount "48"]
[EventDate "2019.12.07"]
[EventType "swiss"]
[EventCountry "BRA"]
[SourceTitle "playchess.com"]
[Source "ChessBase"]
[SourceQuality "1"]

{[%evp 20,48,0,0,0,0,0,-100,-93,-89,-92,-271,-264,-394,-382,-410,-387,-690,-725,-705,-708,-781,-747,-29995,-29996,-29996,-29997,-29997,-29998,-29998,-29999]} 1. d4 Nf6 2. c4 g6 3. Nc3 d5 4. cxd5 Nxd5 5. e4 Nxc3 6. bxc3 Bg7 7. Nf3 c5 8. Rb1 O-O 9. Be2 Nc6 10. Be3 cxd4 11. cxd4 Qa5+ {D85: Exchange Grünfeld: Unusual White 7th moves and lines with 7 Nf3} 12. Bd2 Qxa2 13. Bc3 (13. Qc1 $11 {remains equal.} Nxd4 14. Nxd4 Bxd4 15. Bc4) (13. d5 Ne5 14. Nxe5 Bxe5 15. O-O Bd7 16. Rxb7 Ba4 17. Qe1 Rfb8 18. Rb4 Rc8 19. Bg4 {0-1 (32) Vernay,C (2446)-Fier,A (2571) Caleta 2011}) 13... Bg4 $146 {Black is better.} ({Predecessor:} 13... Qa3 14. Rb3 Qd6 15. O-O a6 16. Qa1 Na7 17. Rfb1 b5 18. Bb4 Qc7 19. Qa3 {½-½ (28) Vonach,B (2008)-Aab,M (1846) Seefeld 2008}) 14. Ra1 Qe6 15. Qd3 $2 {[#]} (15. e5 $17 {might work better.} Qd7 16. O-O) 15... Bxf3 $1 $19 16. gxf3 {[#]} (16. Qxf3 $142 Bxd4 17. O-O) 16... Bxd4 $1 {[%mdl 512]} 17. Bxd4 {[#] aiming for Bb2.} Rfd8 $1 18. Be3 $2 ({Much worse is} 18. Ra4 b5 $19) (18. Qc4 Nxd4 19. Qxe6 fxe6 20. Bd1) 18... Rxd3 19. Bxd3 Nb4 20. Rd1 Rd8 21. Be2 Nc2+ {Black mates.} 22. Kf1 Qh3+ 23. Kg1 Rxd1+ 24. Bxd1 Ne1 {Accuracy: White = 24%, Black = 100%.} 0-1

[Event "III Duchamp Open 2019"]
[Site "Rio de Janeiro"]
[Date "2019.12.07"]
[Round "1.9"]
[White "Galego, Luis"]
[Black "Souza dos Santos, Matheus Garcett"]
[Result "1-0"]
[WhiteElo "2483"]
[BlackElo "1931"]
[Annotator "ChessBase"]
[PlyCount "63"]
[EventDate "2019.12.07"]
[EventType "swiss"]
[EventCountry "BRA"]
[SourceTitle "playchess.com"]
[Source "ChessBase"]
[SourceQuality "1"]
[TimeControl "40/5400+30:1800+30"]

1. e4 {[%emt 0:00:00]} c5 {[%emt 0:01:53]} 2. Nf3 {[%emt 0:00:00]} d6 {[%emt 0:00:44]} 3. c3 {[%emt 0:01:01]} Nf6 {[%emt 0:01:43]} 4. Bb5+ {[%emt 0:00:29]} Bd7 {[%emt 0:00:35]} 5. Bxd7+ {[%emt 0:00:06]} Nbxd7 {[%emt 0:00:25]} 6. Qe2 {[%emt 0:00:51]} Qc7 {[%emt 0:02:25]} 7. O-O {[%emt 0:00:55]} g6 {[%emt 0:01:55]} 8. d4 {[%emt 0:04:20]} e5 {[%emt 0:06:33]} 9. dxe5 {[%emt 0:02:48]} dxe5 {[%emt 0:01:16]} 10. Bg5 {[%emt 0:04:06]} Bg7 {[%emt 0:00:47]} 11. Bxf6 {[%emt 0:06:00]} Nxf6 {[%emt 0:04:48]} 12. Qb5+ {[%emt 0:02:49]} Qd7 {[%emt 0:03:28]} 13. Qxd7+ {[%emt 0:10:14]} Nxd7 {[%emt 0:00:19]} 14. Rd1 {[%emt 0:00:16]} Rd8 {[%emt 0:04:06]} 15. Na3 {[%emt 0:00:32]} O-O {[%emt 0:11:10]} 16. Rd5 {[%emt 0:09:55]} Nf6 {[%emt 0:34:44]} 17. Rxe5 {[%emt 0:01:57]} Rd7 {[%emt 0:00:37]} 18. Rxc5 {[%emt 0:02:51]} Nxe4 {[%emt 0:00:17]} 19. Rb5 {[%emt 0:01:01]} Rfd8 {[%emt 0:01:11]} 20. Re1 {[%emt 0:00:40]} f5 {[%emt 0:01:06]} 21. Nc2 {[%emt 0:01:13]} b6 {[%emt 0:11:24]} 22. Ncd4 {[%emt 0:02:27]} Rd6 {[%emt 0:00:55]} 23. Rb4 {[%emt 0:02:21]} a6 {[%emt 0:02:23]} 24. a4 {[%emt 0:01:47]} Kf7 {[%emt 0:01:12]} 25. Rc4 {[%emt 0:00:52]} Nc5 {[%emt 0:00:59]} 26. a5 {[%emt 0:03:08]} Bxd4 {[%emt 0:02:29]} 27. Nxd4 {[%emt 0:00:11]} Nd3 {[%emt 0:03:14]} 28. Re2 {[%emt 0:09:50]} bxa5 {[%emt 0:00:44]} 29. g3 {[%emt 0:00:27]} Rb8 {[%emt 0:00:22]} 30. Rc7+ {[%emt 0:00:44]} Kf6 {[%emt 0:00:35]} 31. f4 {[%emt 0:02:45]} g5 {[%emt 0:00:39]} 32. Rxh7 {[%emt 0:01:29]} 1-0

[Event "III Duchamp Open 2019"]
[Site "Rio de Janeiro"]
[Date "2019.12.07"]
[Round "1.9"]
[White "Galego, Luis"]
[Black "Souza dos Santos, Matheus Garcett"]
[Result "1/2-1/2"]
[WhiteElo "2483"]
[BlackElo "1931"]
[Annotator "TA"]
[PlyCount "64"]
[EventDate "2019.12.07"]
[EventType "swiss"]
[EventCountry "BRA"]
[SourceTitle "playchess.com"]
[Source "ChessBase"]
[SourceQuality "1"]

{[%evp 10,64,14,12,22,26,55,43,90,85,85,64,61,55,56,37,40,50,49,12,24,3,22,10,10,13,12,6,16,0,0,0,21,18,50,55,57,68,79,46,60,69,90,93,90,90,86,43,60,59,269,260,292,277,390,383,362]} 1. e4 c5 2. Nf3 d6 3. c3 Nf6 4. Bb5+ Bd7 5. Bxd7+ Nbxd7 6. Qe2 Qc7 {B50: Sicilian: 2...d6, Miscellaneous} 7. O-O g6 8. d4 e5 {White is slightly better.} 9. dxe5 dxe5 10. Bg5 Bg7 11. Bxf6 $146 ({Predecessor:} 11. Na3 a6 12. Nc4 O-O 13. a4 Rfe8 14. a5 h6 15. Bxf6 Nxf6 16. Rad1 Nh5 17. g3 Qc6 {1-0 (37) Mihok,O (2535)-Benda,H (2334) Austria 2018}) 11... Nxf6 12. Qb5+ Qd7 13. Qxd7+ Nxd7 14. Rd1 Rd8 15. Na3 O-O 16. Rd5 {[#] Threatens to win with Rad1.} Nf6 17. Rxe5 Rd7 18. Rxc5 Nxe4 19. Rb5 Rfd8 {[#] White must now prevent ...Rd1+.} 20. Re1 f5 21. Nc2 b6 22. Ncd4 Rd6 23. Rb4 a6 24. a4 Kf7 25. Rc4 Nc5 26. a5 {aiming for axb6.} Bxd4 27. Nxd4 {axb6 is the strong threat.} Nd3 28. Re2 bxa5 29. g3 Rb8 $2 ({Black should try} 29... Rd5 $14) 30. Rc7+ $18 Kf6 31. f4 ({Resist} 31. Rxh7 $6 Rf8 $18) 31... g5 (31... h6 $142 32. b3 Rf8) 32. Rxh7 {And now Rh6+ would win.} Rdb6 {[%mdl 32768] Accuracy: White = 76%, Black = 37%. . An unexpected result.} 1/2-1/2

[Event "III Duchamp Open 2019"]
[Site "Rio de Janeiro"]
[Date "2019.12.07"]
[Round "1.10"]
[White "Moyses Sobrinho, Elias"]
[Black "Perdomo, Leandro"]
[Result "0-1"]
[WhiteElo "1931"]
[BlackElo "2474"]
[Annotator "TA"]
[PlyCount "51"]
[EventDate "2019.12.07"]
[EventType "swiss"]
[EventCountry "BRA"]
[SourceTitle "playchess.com"]
[Source "ChessBase"]
[SourceQuality "1"]

{[%evp 21,51,-16,-6,-40,-46,-66,-54,-63,-54,-67,-64,-90,-88,-93,-93,-99,-79,-86,-87,-100,-89,-95,-69,-69,-66,-76,-60,-80,-64,-69,-20,-80]} 1. d4 Nf6 2. c4 g6 3. Nc3 Bg7 4. e4 d6 5. Nf3 O-O 6. Be2 Nbd7 7. O-O e5 8. dxe5 dxe5 9. Bg5 h6 10. Bxf6 Qxf6 11. Nd5 Qd8 12. Qc2 {E94: King's Indian: Classical: 6 Be2 e5 7 0-0: Various Black 7th moves} c6 13. Nc3 Qe7 14. Rfd1 $146 {Black is slightly better.} ({Predecessor:} 14. a3 a5 15. Na4 b6 16. Rfd1 Rb8 17. Rab1 Rd8 18. b4 axb4 19. axb4 Nf8 {½-½ (45) Korenova,S (1749)-Tomcikova,D (1793) Ruzomberok 2018}) 14... Re8 15. h3 Nf8 {[%cal Bd7f8,Bf8e6,Be6d4][%mdl 32]} 16. Na4 b6 17. a3 Ne6 18. b4 Nd4 19. Nxd4 exd4 20. Bd3 Be5 21. Qd2 g5 22. c5 Bc7 23. Bf1 $1 Be6 {[#] Hoping for ...Bb3.} ({Don't blunder} 23... Qxe4 $2 24. Re1 $18) 24. Rab1 Red8 25. g3 h5 26. Bg2 {Accuracy: White = 45%, Black = 89%.} (26. Nb2 $1 $11 {keeps the balance.}) 0-1